LEADER 04867nam 2201105Ia 450 001 9910784418803321 005 20210603195848.0 010 $a1-282-76223-0 010 $a9786612762239 010 $a0-520-93333-8 010 $a1-4337-0969-4 024 7 $a10.1525/9780520933330 035 $a(CKB)1000000000354337 035 $a(EBL)291507 035 $a(OCoLC)134947959 035 $a(SSID)ssj0000177080 035 $a(PQKBManifestationID)11182240 035 $a(PQKBTitleCode)TC0000177080 035 $a(PQKBWorkID)10209324 035 $a(PQKB)10762224 035 $a(MiAaPQ)EBC291507 035 $a(DE-B1597)519626 035 $a(DE-B1597)9780520933330 035 $a(Au-PeEL)EBL291507 035 $a(CaPaEBR)ebr10170138 035 $a(CaONFJC)MIL276223 035 $a(dli)HEB31087 035 $a(MiU)MIU01000000000000012335690 035 $a(EXLCZ)991000000000354337 100 $a20060629d2007 uy 0 101 0 $aeng 135 $aurun#---|u||u 181 $ctxt 182 $cc 183 $acr 200 10$aImperial connections$b[electronic resource] $eIndia in the Indian Ocean arena, 1860-1920 /$fThomas R. Metcalf 210 $aBerkeley $cUniversity of California Press$d2007 215 $a1 online resource (285 p.) 225 1 $aThe California world history library ;$v4 300 $aDescription based upon print version of record. 311 0 $a0-520-25805-3 311 0 $a0-520-24946-1 320 $aIncludes bibliographical references and index. 327 $tFront matter --$tContents --$tIllustrations --$tPreface --$tIntroduction: Empire Recentered --$t1. Governing Colonial Peoples --$t2. Constructing Identities --$t3. Projecting Power: The Indian Army Overseas --$t4. Recruiting Sikhs for Colonial Police and Military --$t5. "Hard Hands and Sound Healthy Bodies": Recruiting "Coolies" for Natal --$t6. India in East Africa --$tConclusion --$tAbbreviations --$tNotes --$tBibliography --$tIndex 330 $aAn innovative remapping of empire, Imperial Connections offers a broad-ranging view of the workings of the British Empire in the period when the India of the Raj stood at the center of a newly globalized system of trade, investment, and migration. Thomas R. Metcalf argues that India itself became a nexus of imperial power that made possible British conquest, control, and governance across a wide arc of territory stretching from Africa to eastern Asia. His book, offering a new perspective on how imperialism operates, emphasizes transcolonial interactions and webs of influence that advanced the interests of colonial India and Britain alike. Metcalf examines such topics as law codes and administrative forms as they were shaped by Indian precedents; the Indian Army's role in securing Malaya, Africa, and Mesopotamia for the empire; the employment of Indians, especially Sikhs, in colonial policing; and the transformation of East Africa into what was almost a province of India through the construction of the Uganda railway. He concludes with a look at the decline of this Indian Ocean system after 1920 and considers how far India's participation in it opened opportunities for Indians to be a colonizing as well as a colonized people. 410 0$aCalifornia world history library ;$v4. 606 $aEast Indians$xColonization$zIndian Ocean Region$xHistory 606 $aEast Indians$xEmployment$zIndian Ocean Region$xHistory 607 $aIndian Ocean Region$xColonization$xHistory 607 $aGreat Britain$xColonies$zAfrica$xAdministration 607 $aGreat Britain$xColonies$zAsia$xAdministration 610 $a1800s. 610 $a1900s. 610 $a1920s. 610 $aafrica. 610 $aagriculture. 610 $aarchitecture. 610 $abritish empire. 610 $acolonial. 610 $acolonialism. 610 $aconquest. 610 $aeast africa. 610 $aempire. 610 $ageography. 610 $aglobal trade. 610 $agovernment. 610 $aimmigrants. 610 $aimmigration. 610 $aimperial. 610 $aindia. 610 $aindian army. 610 $aindian ocean. 610 $ainvestment. 610 $amalaya. 610 $amesopotamia. 610 $amigration. 610 $apolicing. 610 $aprovinces. 610 $arailroad. 610 $arailway. 610 $aregional. 610 $asikh. 610 $atranscolonial. 610 $auganda. 615 0$aEast Indians$xColonization$xHistory. 615 0$aEast Indians$xEmployment$xHistory. 676 $a909/.09824081 700 $aMetcalf$b Thomas R.$f1934-$0600683 801 0$bMiAaPQ 801 1$bMiAaPQ 801 2$bMiAaPQ 906 $aBOOK 912 $a9910784418803321 996 $aImperial connections$92366689 997 $aUNINA LEADER 03131nam 2200553 450 001 9910734333003321 005 20230726160925.0 010 $a1-009-40350-8 024 7 $a10.1017/9781009403504 035 $a(CKB)27558694400041 035 $a(UkCbUP)CR9781009403504 035 $a(NjHacI)9927558694400041 035 $a(EXLCZ)9927558694400041 100 $a20230717e20232014 fy| 0 101 0 $aeng 135 $aur||||||||||| 181 $ctxt$2rdacontent 181 $csti$2rdacontent 182 $cc$2rdamedia 183 $acr$2rdacarrier 200 10$aGauge/string duality, hot QCD and heavy ion collisions /$fJorge Casalderrey-Solana, Hong Liu, David Mateos, Krishna Rajagopal, Urs Achim Wiedemann$b[electronic resource] 205 $a1st ed. 210 1$aCambridge :$cCambridge University Press,$d2023. 215 $a1 online resource (vi, 460 pages) $cillustrations (black and white, and colour), digital, PDF file(s) 300 $aPreviously issued in print: 2014. 311 $a9781009403498 320 $aIncludes bibliographical references and index. 327 $a1. Opening remarks; 2. A heavy ion phenomenology primer; 3. Results from lattice QCD at nonzero temperature; 4. Introducing the gauge/string duality; 5. A duality toolbox; 6. Bulk properties of strongly coupled plasma; 7. From hydrodynamics for far-from-equilibrium dynamics; 8. Probing strongly coupled plasma; 9. Quarkonium mesons in strongly coupled plasma; 10. Concluding remarks and outlook; Appendixes; References; Index. 330 8 $aHeavy ion collision experiments recreating the quark-gluon plasma that filled the microseconds-old universe have established that it is a nearly perfect liquid that flows with such minimal dissipation that it cannot be seen as made of particles. String theory provides a powerful toolbox for studying matter with such properties. This book provides a comprehensive introduction to gauge/string duality and its applications to the study of the thermal and transport properties of quark-gluon plasma, the dynamics of how it forms, the hydrodynamics of how it flows, and its response to probes including jets and quarkonium mesons. Calculations are discussed in the context of data from RHIC and LHC and results from finite temperature lattice QCD. The book is an ideal reference for students and researchers in string theory, quantum field theory, quantum many-body physics, heavy ion physics and lattice QCD. 606 $aQuantum field theory 606 $aString models 606 $aQuantum chromodynamics 606 $aHeavy ion collisions 615 0$aQuantum field theory. 615 0$aString models. 615 0$aQuantum chromodynamics. 615 0$aHeavy ion collisions. 676 $a530.143 700 $aCasalderrey-Solana$b Jorge$01373155 702 $aLiu$b Hong$c(Professor of physics), 702 $aLo?pez Mateos$b David 702 $aRajagopal$b Krishna$f1965- 702 $aWiedemann$b Urs Achim 801 0$bStDuBDS 801 1$bStDuBDS 906 $aBOOK 912 $a9910734333003321 996 $aGauge$93404193 997 $aUNINA